Nissan Car Models - Sudden Death - Statistics

General Stats
  • This quiz has been taken 133 times
  • The average score is 9 of 16
Answers on the Grid
Answers color-coded by a green-red scale on the quiz's grid according to % correct below.
DB9
Yaris
Passat
Micra
Qashquai
Beetle
Mustang
X-Trail
Corsa
Yeti
Note
Navara
Phantom
Astra
Patrol
Juke
Escort
Duster
Ariya
Cube
Fiesta
Sandero
Pathfinder
Polo
Discovery
Pulsar
Multipla
Capri
Almera
Octavia
Cherry
Swift
Pixo
Fabia
350-Z
Leaf
 
Answer Stats
Answer % Correct
Juke
77%
X-Trail
72%
Qashquai
69%
Pathfinder
68%
Leaf
65%
350-Z
62%
Micra
60%
Patrol
56%
Cube
55%
Navara
54%
Ariya
50%
Note
50%
Almera
42%
Pulsar
37%
Pixo
35%
Cherry
24%
No matching quizzes found
Score Distribution
Percent of People with Each Score
Percentile by Number Answered
Your Score History
You have not taken this quiz